000 00225nam a22000857a 4500
008 170103b xxu||||| |||| 00| 0 eng d
100 _92247
_aDinesh
245 _aPhsical Solution -XII Vol-I&II
260 _aNew Delhi
_bS.Dinesh
_c2011
999 _c5134
_d5134